SİHİRLİ KRALLIK DENİZ KIZI KAYALIKLARI 4 (Record no. 658503)

MARC details
000 -LEADER
sabit uzunluktaki kontrol alanı 00273nam a2200097Ia 4500
001 - KONTROL NUMARASI
kontrol alanı 658503
005 - EN SON İŞLEMİN TARİH VE ZAMANI
kontrol alanı 20250826154636.0
008 - SABİT-UZUNLUKTA VERİ ÖĞELERİ--GENEL BİLGİ
sabit uzunluktaki kontrol alanı 250824s9999 xx 000 0 und d
245 #0 - ESER / YAZAR
ESER ADI SİHİRLİ KRALLIK DENİZ KIZI KAYALIKLARI 4
Yazar Adı ROSİE BANKS
260 ## - YAYIN, DAĞITIM, VB.
YAYIN EVİ DOĞAN EGMONT YAYINLARI
Holdings
Düşüm durumu Kayıp durumu Hasar Durumu Ödünç verilmez Ana kütüphane Geçerli Kütüphane Edinilen tarih Toplam ödünç verme sayısı Barkod Son görüntüleme tarihi Son ödünç verme tarihi Fiyatın geçerli olmaya başladığı tarih Koha materyal türü
        REBİİ KARATEKİN ORTAOKULU REBİİ KARATEKİN ORTAOKULU 24.08.2025 1 1011786 08.12.2025 02.12.2025 26.08.2025 Books